Statistiques concernant Tous les secrétaires généraux de la CGT depuis 1895

Cliquez ici pour prendre le quiz!

Statistiques générales

  • Ce quiz a été pris 10 fois
  • Le résultat moyen est 4 sur 16

Statistiques - réponses

DatesRéponse% Correct
2015 - 2023Philippe Martinez
90%
2023 -Sophie Binet
60%
1999 - 2013Bernard Thibault
50%
1967 - 1982Georges Séguy
50%
1948 - 1957Alain Le Léap
20%
1982 - 1992Henri Krasucki
20%
1909 - 1947Léon Jouhaux
20%
2013 - 2015Thierry Lepaon
20%
1895 - 1898Absalon Lagailse
10%
1945 - 1967Benoît Frachon
10%
1901Eugène Guérard
10%
1909Louis Niel
10%
1992 - 1999Louis Viannet
10%
1898 - 1900Maurice Copigneaux
10%
1901 - 1909Victor Griffuelhes
10%
1900 - 1901Victor Renaudin
10%

Distribution des résultats

Percentile par nombre de réponses

% des personnes avec chaque résultat

Votre développement - résultats

Vous n’avez pas pris ce quiz